000 00500cam a22001934a 4500
005 20250605164157.0
008 250528s ||||||||||||||||||||||||d
035 _a19626
020 _a9602863706
040 _aGR-AtMCL
_bgre
_dGR-AtMCL
_eAACR2
245 1 _aΠΡΑΚΤΙΚΗ ΓΡΑΜΜΑΤΕΙΑΣ
250 _a1
260 _bΈλλην,
_c1999
300 _a294
700 1 _aΚαρδακάρης Κωνσταντίνος Ν
_92466
942 _cBK
999 _c4882
_d4882